Quintuple Fast Typing A to Z - 30 Second Sprint - Statistics

General Stats
  • This quiz has been taken 207 times
  • The average score is 85 of 130
Answer Stats
letter % Correct
a
100%
b
99%
c
99%
d
98%
e
98%
f
96%
g
96%
h
96%
i
95%
j
94%
k
94%
l
94%
m
94%
n
94%
o
94%
p
94%
q
94%
r
94%
s
94%
t
94%
u
93%
v
93%
w
92%
x
92%
A
90%
y
90%
z
90%
B
89%
C
89%
D
89%
E
89%
F
89%
G
89%
H
89%
I
89%
J
88%
K
88%
L
88%
M
88%
N
88%
O
88%
P
88%
Q
87%
R
86%
S
86%
T
86%
U
86%
V
85%
W
83%
A
81%
X
81%
Y
81%
Z
81%
B
80%
C
77%
D
77%
E
77%
F
76%
G
76%
H
76%
I
76%
J
75%
K
75%
L
75%
M
75%
N
74%
O
74%
P
74%
Q
73%
R
73%
S
73%
T
71%
U
69%
V
69%
W
68%
X
67%
Y
65%
Z
65%
A
64%
B
62%
C
61%
D
60%
E
60%
F
58%
G
55%
H
55%
I
52%
J
52%
K
51%
L
48%
M
46%
N
45%
O
44%
P
44%
Q
42%
R
40%
S
38%
T
37%
U
37%
V
36%
W
33%
X
33%
Y
33%
Z
33%
A
31%
B
31%
C
30%
D
30%
E
30%
F
29%
G
29%
H
27%
I
26%
J
25%
K
24%
L
24%
M
23%
N
23%
O
23%
P
23%
Q
23%
R
21%
S
20%
T
20%
U
18%
V
18%
W
18%
X
17%
Y
14%
Z
14%
No matching quizzes found
Score Distribution
Percent of People with Each Score
Percentile by Number Answered
Your Score History
You have not taken this quiz